| 000 | 00529nam a2200193Ia 4500 | ||
|---|---|---|---|
| 999 |
_c8312 _d8312 |
||
| 003 | OSt | ||
| 005 | 20210715094846.0 | ||
| 008 | 151021s9999 xx 000 0 und d | ||
| 020 | _a1853832227 | ||
| 040 |
_aMMU _beng _cMMU _dMMU |
||
| 050 | _aSD 387 .S69 N87 2005 | ||
| 245 |
_aThe Forest Certification Handbook / _cChristopher Upton. |
||
| 260 |
_aLondon : _b Earscan, _c 2002. |
||
| 300 | _axx, 219 p. : | ||
| 500 | _aIncludes index | ||
| 650 | _a_Forest Management | ||
| 700 | _a_Stephen Bass | ||
| 942 |
_2lcc _cLOAN LOAN |
||